00710nam a2200205Ia 4500952013700000999001500137003000400152005001700156008004100173020001800214040000900232082001900241100003000260245009300290250001200383260004200395300000900437650001400446942004400460 00102ddc40708BIOLOGYaMESbMEScBOTANYd2019-02-20g850.00l0o574.192 RAM/Tp37575r2019-02-20 00:00:00w2019-02-20yBKzGL18R2 c3577d3577OSt20200928141138.0190216s9999||||xx |||||||||||||| ||und|| a9788174733610 coclc a574.192bRAM/T aRambabu, Kondreddy 95031 0aTextbook Of Biochemistry /cKondreddy Rambabu ; Pendyala Siva Kumar ; Pendyala Kameswari a2nd Ed. bAitbs Publishers, c2007.aNew Delhi: a770p aChemistry cBK2ddch574.192iRAM/Tk574.192mRAM/T